000 00251nam a2200109 4500
082 _aBHU
100 _aBhutto, Zulfiqar Ali
245 _aThe Thirld World: New Directions
260 _aLondon:
_bQuarter Books,
_c1977.
300 _a144p. ;
942 _cBK
999 _c12989
_d12989